| 000 | 00838nam a22002417a 4500 | ||
|---|---|---|---|
| 010 | _aB-079711 | ||
| 020 | _c110.00 | ||
| 035 | _aB-079711 | ||
| 037 | _aCen Lib/Ret | ||
| 040 |
_aDPL _bPA |
||
| 082 |
_aਓ _bਬੀਰਬੀ |
||
| 100 |
_aਬੀਰ, ਬੀ. ਔਮ _942260 |
||
| 245 |
_aਧੁੰਆਂ : _cਬੀ. ਔਮ. ਬੀਰ _bਨਾਵਲਾ / |
||
| 246 |
_aDhuaan : a novel / _bby B.S.Bir |
||
| 260 |
_aਦਿੱਲੀ _bਆਰਸੀ ਪਬਲਿਸ਼ਰਜ਼ _c2004 |
||
| 270 |
_aਚਾਂਚਨੀ ਚੈਕ _bਦਿੱਲੀ _e110006 |
||
| 300 |
_a104p ; _b24cm(Hb) |
||
| 650 |
_aਸਾਹਿਤ --ਪੰਜਾਬੀ _9130558 |
||
| 650 |
_aਪੰਜਾਬੀ -- ਨਾਵਲ _9130559 |
||
| 650 |
_aliterature--Punjabi _9130560 |
||
| 650 |
_aPunjabi-- noval _9115816 |
||
| 942 |
_2ddc _cPN _hਓ _mਬੀਰਬੀ |
||
| 999 |
_c110602 _d110602 |
||